Manažment úverového financovania a úverových obchodov

Saved in:
Bibliographic Details
Main Author: Hyránek, Eduard, 1955-
Corporate Author: Ekonomická univerzita v Bratislave. Fakulta podnikového manažmentu
Other Authors: Bikár, Miloš, 1973-, Fetisovová, Elena, Hesek, Jozef
Format: Book
Language:Slovak
Published: Bratislava Vydavateľstvo EKONÓM 2010
Subjects:
Tags: Add Tag
No Tags, Be the first to tag this record!

MARC

LEADER 00000nam a2200000 4500
001 0122784
005 20240502072404.2
020 |a 978-80-225-3042-2 
041 0 |a slo 
044 |a SK 
245 1 0 |a Manažment úverového financovania a úverových obchodov  |c Eduard Hyránek, Miloš Bikár 
264 1 |a Bratislava  |b Vydavateľstvo EKONÓM  |c 2010 
300 |a 224 s. [13,883 AH] 
610 2 0 |a financovanie podnikov 
610 2 0 |a obchody úverové 
610 2 0 |a úver 
610 2 0 |a úver bankový 
610 2 0 |a riziko úverové 
610 2 0 |a úrok 
610 2 0 |a zadlženosť 
610 2 0 |a riadenie podnikové 
100 1 |a Hyránek, Eduard, 1955- 
700 1 |a Bikár, Miloš, 1973- 
700 1 |a Fetisovová, Elena 
700 1 |a Hesek, Jozef 
710 2 |a Ekonomická univerzita v Bratislave. Fakulta podnikového manažmentu